[Event "27th ECC Women 2023"]
[Site "Durres ALB"]
[Date "2023.10.03"]
[Round "3.4"]
[Board "3"]
[White "Daulyte-Cornette, Deimante"]
[Black "Jarocka, Liwia"]
[Result "1/2-1/2"]
[WhiteTitle "IM"]
[BlackTitle "FM"]
[WhiteElo "2360"]
[BlackElo "2208"]
[WhiteTeam "SP Gaz Ukraine"]
[BlackTeam "Schachgesellschaft Solingen"]
[WhiteFideId "12802859"]
[BlackFideId "21807558"]
[EventDate "2023.10.01"]

1. e4 c5 2. Nf3 d6 3. Bb5+ Bd7 4. Bxd7+ Nxd7 5. c3 Ngf6 6. Qe2 e6 7. d4 Be7 8.
e5 dxe5 9. dxe5 Nd5 10. c4 Nb4 11. O-O O-O 12. Nc3 Qc7 13. Bf4 Rfd8 14. Rad1 a6
15. h4 Nf8 16. a3 Nc6 17. h5 Rxd1 18. Rxd1 Rd8 19. Rxd8 Qxd8 20. Ne4 Nd4 21.
Nxd4 Qxd4 22. Bg5 Bxg5 23. Nxg5 h6 24. Nf3 Qg4 25. Qd3 Qxh5 26. Qe4 Qg6 27. Qxb7
Qc2 28. b4 Qc1+ 29. Kh2 Qf4+ 30. Kg1 Qc1+ 31. Kh2 Qf4+ 32. Kg1 Qc1+ 1/2-1/2

[Event "27th ECC Women 2023"]
[Site "Durres ALB"]
[Date "2023.10.03"]
[Round "3.4"]
[Board "4"]
[White "Bashylina, Luisa"]
[Black "Zhukova, Natalia"]
[Result "0-1"]
[WhiteTitle "WFM"]
[BlackTitle "GM"]
[WhiteElo "2192"]
[BlackElo "2303"]
[WhiteTeam "Schachgesellschaft Solingen"]
[BlackTeam "SP Gaz Ukraine"]
[WhiteFideId "12983292"]
[BlackFideId "14101513"]
[EventDate "2023.10.01"]

1. d4 d5 2. c4 e6 3. Nc3 Nf6 4. cxd5 exd5 5. Bg5 c6 6. e3 Bd6 7. Bd3 O-O 8. Qc2
h6 9. Bh4 Re8 10. Nf3 Be6 11. Ne5 c5 12. O-O Nc6 13. Bg3 Bxe5 14. dxe5 Nh5 15.
Rad1 Nxg3 16. hxg3 Nxe5 17. Be4 d4 18. exd4 cxd4 19. Rfe1 Qf6 20. Nb5 Rac8 21.
Qd2 Bxa2 22. Qxd4 Bb3 23. Rc1 Rxc1 24. Rxc1 a6 25. Qc3 axb5 26. Qxb3 Nc4 27.
Bxb7 Re2 28. Qxb5 Qxf2+ 29. Kh1 Ne5 30. Qb4 Qxg3 31. Qd4 h5 32. Bf3 Nxf3 33.
Qd8+ Kh7 34. Qd3+ g6 35. Qxf3 Qxf3 36. gxf3 Rxb2 37. Rc7 Kg7 38. Rc4 g5 39. Rc5
Kg6 40. f4 f6 41. f5+ Kf7 42. Rc7+ Ke8 43. Rc6 Ke7 44. Rc7+ Kd6 0-1

[Event "27th ECC Women 2023"]
[Site "Durres ALB"]
[Date "2023.10.03"]
[Round "3.5"]
[Board "1"]
[White "Tsolakidou, Stavroula"]
[Black "Danielian, Elina"]
[Result "1-0"]
[WhiteTitle "IM"]
[BlackTitle "GM"]
[WhiteElo "2385"]
[BlackElo "2416"]
[WhiteTeam "MSK Centar Asseco See"]
[BlackTeam "SK Crvena zvezda Data Driven Lab"]
[WhiteFideId "4264312"]
[BlackFideId "13300210"]
[EventDate "2023.10.01"]

1. c4 e6 2. Nf3 Nf6 3. g3 d5 4. Bg2 dxc4 5. Qa4+ Nbd7 6. Qxc4 a6 7. Qc2 c5 8.
Nc3 Bd6 9. d4 O-O 10. O-O cxd4 11. Nxd4 Qc7 12. Rd1 Rd8 13. Be3 h6 14. Bxh6 gxh6
15. Nxe6 fxe6 16. Qg6+ Kh8 17. Rac1 Rg8 18. Qxh6+ Nh7 19. Ne4 Bc5 20. Nxc5 Nxc5
21. Qe3 Qg7 22. Rxc5 Nf6 23. Rd4 Qe7 24. Qh6+ Nh7 25. Rh5 Ra7 26. Rdh4 Rg7 27.
Be4 b6 28. Bxh7 Rxh7 29. Qg6 Qxh4 30. Rxh4 Rxh4 31. Qf6+ 1-0

[Event "27th ECC Women 2023"]
[Site "Durres ALB"]
[Date "2023.10.03"]
[Round "3.5"]
[Board "2"]
[White "Mkrtchian, Lilit"]
[Black "Narva, Mai"]
[Result "1-0"]
[WhiteTitle "IM"]
[BlackTitle "IM"]
[WhiteElo "2389"]
[BlackElo "2399"]
[WhiteTeam "SK Crvena zvezda Data Driven Lab"]
[BlackTeam "MSK Centar Asseco See"]
[WhiteFideId "13300601"]
[BlackFideId "4500512"]
[EventDate "2023.10.01"]

1. Nf3 Nf6 2. g3 d5 3. Bg2 c6 4. O-O Bg4 5. c4 e6 6. d4 Nbd7 7. cxd5 exd5 8. h3
Bxf3 9. exf3 Be7 10. f4 O-O 11. Nd2 Ne8 12. Nf3 Nd6 13. h4 Nf6 14. Ne5 Qb6 15.
Bh3 Rad8 16. Re1 Qc7 17. h5 Nfe4 18. Kg2 Rfe8 19. h6 g6 20. f5 Bf6 21. f3 Nc4
22. fxe4 Nxe5 23. dxe5 Qxe5 24. Qb3 dxe4 25. Bf4 Qe7 26. fxg6 hxg6 27. Rad1 Rxd1
28. Rxd1 Rd8 29. Rxd8+ Qxd8 30. Qxb7 Qd1 31. Qc8+ Kh7 32. Qd7 Qc2+ 33. Kh1 Qb1+
34. Kh2 Qxb2+ 35. Bg2 Qxa2 36. Qxc6 Qe6 37. Qxe6 fxe6 38. Bxe4 a5 39. Bc2 Be7
40. g4 e5 41. Be3 a4 42. g5 a3 43. Bb3 Bd6 44. Kg2 e4 45. Kf2 Be5 46. Ke2 Bb2
47. Kd2 Be5 48. Kc2 Ba1 49. Bd5 Be5 50. Kb3 1-0

[Event "27th ECC Women 2023"]
[Site "Durres ALB"]
[Date "2023.10.03"]
[Round "3.5"]
[Board "3"]
[White "Radeva, Viktoria"]
[Black "Velikic, Adela"]
[Result "0-1"]
[WhiteTitle "WGM"]
[BlackTitle "WIM"]
[WhiteElo "2293"]
[BlackElo "2274"]
[WhiteTeam "MSK Centar Asseco See"]
[BlackTeam "SK Crvena zvezda Data Driven Lab"]
[WhiteFideId "2915405"]
[BlackFideId "913553"]
[EventDate "2023.10.01"]

1. e4 c5 2. Nc3 Nc6 3. Nge2 Nf6 4. d4 cxd4 5. Nxd4 d6 6. Be2 g6 7. Be3 Bg7 8.
O-O O-O 9. Qd2 a6 10. f3 Nxd4 11. Bxd4 Be6 12. Rfd1 Qc7 13. a4 Rfc8 14. a5 Nd7
15. Bxg7 Kxg7 16. Qd4+ f6 17. f4 Qc5 18. Bf3 Rab8 19. Qxc5 Rxc5 20. Rd4 Rbc8 21.
Rb4 R8c7 22. Kf2 Nb8 23. Ke3 g5 24. g3 Nc6 25. Rba4 Na7 26. Bd1 Kf8 27. Ne2 Bd7
28. R4a2 gxf4+ 29. Nxf4 Re5 30. Nd3 Rb5 31. c4 Rxc4 32. Ba4 Bc6 33. Bxb5 Rxe4+
34. Kd2 Nxb5 35. Re1 Rd4 36. Ke3 e5 37. Raa1 Nc7 38. Red1 Ba4 39. Rdc1 Nd5+ 40.
Kf2 Bc6 41. Ra3 e4 42. Nf4 Nxf4 43. gxf4 Rd2+ 44. Ke3 Rxh2 45. Rac3 f5 46. Rxc6
Rh3+ 47. Ke2 bxc6 48. Rxc6 Ke7 49. Rxa6 Rh2+ 50. Ke3 Rxb2 51. Ra7+ Ke6 52. Rxh7
Ra2 53. Rh6+ Kd7 54. Rh7+ Kc6 55. Ra7 Kd5 56. Rf7 Ra3+ 57. Ke2 Kd4 58. Rxf5 Ra2+
59. Ke1 d5 60. Rh5 Rxa5 61. f5 Kd3 62. Rh3+ e3 63. Kf1 d4 0-1

[Event "27th ECC Women 2023"]
[Site "Durres ALB"]
[Date "2023.10.03"]
[Round "3.5"]
[Board "4"]
[White "Srdanovic, Jovana"]
[Black "Gajcin, Marina"]
[Result "0-1"]
[WhiteTitle "WIM"]
[BlackTitle "WGM"]
[WhiteElo "2143"]
[BlackElo "2225"]
[WhiteTeam "SK Crvena zvezda Data Driven Lab"]
[BlackTeam "MSK Centar Asseco See"]
[WhiteFideId "954810"]
[BlackFideId "949086"]
[EventDate "2023.10.01"]

1. d4 Nf6 2. c4 e6 3. Nf3 Bb4+ 4. Bd2 Qe7 5. Nc3 O-O 6. e3 Bxc3 7. Bxc3 d6 8.
Be2 Ne4 9. Qc2 Nxc3 10. Qxc3 Nd7 11. O-O a5 12. Rac1 b6 13. b3 h6 14. Rfd1 Bb7
15. a3 Rfc8 16. Qb2 Ra7 17. h3 Qf6 18. Qb1 e5 19. d5 Qe7 20. Nd2 Nf6 21. e4 g6
22. Qb2 Rb8 23. b4 Qf8 24. Ra1 h5 25. Qc3 Nd7 26. Nb3 axb4 27. axb4 Rba8 28.
Rxa7 Rxa7 29. Ra1 Qa8 30. Rxa7 Qxa7 31. Qb2 Qa4 32. Nd2 Kh7 33. Nb1 Nf6 34. Nc3
Qa8 35. Bd3 Ba6 36. Qa3 Qc8 37. Bf1 Ne8 38. c5 Bxf1 39. Kxf1 bxc5 40. bxc5 dxc5
41. Qxc5 Nd6 42. Qc6 Qb8 43. f3 Qa7 44. h4 Kg7 45. Ne2 Qb8 46. Qc3 f6 47. Kg1
Qb6+ 48. Kh2 Nf7 49. Ng3 Kh7 50. Qa3 Kg7 51. Qe7 Qa5 52. Qd7 Qc5 53. Ne2 Qc2 54.
Ng3 Qc4 55. Qe7 Qc1 56. Qd7 Qc5 57. Ne2 Qb6 58. Ng3 Qb8 59. Ne2 Kf8 60. Nc3 Qd8
61. Qe6 Kg7 62. Nb5 f5 63. g3 f4 64. Na7 Qb8 65. Nc6 Qb2+ 66. Kh1 Qc1+ 67. Kg2
Qd2+ 68. Kh3 Qf2 0-1

[Event "27th ECC Women 2023"]
[Site "Durres ALB"]
[Date "2023.10.03"]
[Round "3.6"]
[Board "1"]
[White "Toncheva, Nadya"]
[Black "Houska, Jovanka"]
[Result "0-1"]
[WhiteTitle "FM"]
[BlackTitle "IM"]
[WhiteElo "2253"]
[BlackElo "2340"]
[WhiteTeam "GSK Kumanovo"]
[BlackTeam "Wood Green"]
[WhiteFideId "2924056"]
[BlackFideId "405094"]
[EventDate "2023.10.01"]

1. d4 d5 2. c4 e6 3. Nc3 Nf6 4. cxd5 exd5 5. Bg5 c6 6. e3 Be7 7. Bd3 O-O 8. Qc2
Nbd7 9. h3 Re8 10. Nf3 Nf8 11. O-O Be6 12. Ne5 N6d7 13. Bf4 Nxe5 14. Bxe5 Bd6
15. Bxd6 Qxd6 16. Rab1 a5 17. Na4 g6 18. Qc5 Qd8 19. Qb6 Qxb6 20. Nxb6 Ra7 21.
Na4 h5 22. h4 Nd7 23. Rbc1 Kg7 24. f3 Re7 25. Kf2 Ra8 26. Rc3 f5 27. Rfc1 Bf7
28. Bf1 Be8 29. Nc5 Nxc5 30. dxc5 b5 31. cxb6 Rb7 32. Rb3 a4 33. Rb4 Ra5 34. Rd4
Rxb6 35. Rc2 Bf7 36. g4 c5 37. Rf4 c4 38. gxf5 Rab5 39. b3 axb3 40. axb3 Rxb3
41. Ke2 Rb2 42. f6+ Kf8 43. Kd2 Rxc2+ 44. Kxc2 Rb3 45. Kd2 Be6 46. f7 Rb2+ 47.
Ke1 Rb1+ 48. Kf2 c3 49. Bd3 c2 50. Bxc2 Rb2 51. Rf6 Rxc2+ 52. Kg3 Bxf7 53. Kf4
Rh2 54. Kg5 Kg7 55. Ra6 Rh3 56. e4 Rxf3 57. Rb6 Rg3+ 0-1

[Event "27th ECC Women 2023"]
[Site "Durres ALB"]
[Date "2023.10.03"]
[Round "3.6"]
[Board "2"]
[White "Yao, Lan"]
[Black "Eric, Jovana"]
[Result "1-0"]
[WhiteTitle "WIM"]
[BlackTitle "WGM"]
[WhiteElo "2311"]
[BlackElo "2146"]
[WhiteTeam "Wood Green"]
[BlackTeam "GSK Kumanovo"]
[WhiteFideId "8610835"]
[BlackFideId "938238"]
[EventDate "2023.10.01"]

1. e4 c5 2. Nf3 d6 3. d4 cxd4 4. Nxd4 Nf6 5. Nc3 a6 6. Bg5 e6 7. f4 Be7 8. Qf3
Qc7 9. O-O-O Nbd7 10. g4 h6 11. Bxf6 Bxf6 12. h4 Nb6 13. g5 Bxd4 14. Rxd4 Qc5
15. Rd2 Bd7 16. Be2 Na4 17. Nxa4 Bxa4 18. g6 O-O 19. b3 Bc6 20. gxf7+ Rxf7 21.
Bc4 Re8 22. Rhd1 b5 23. Be2 Ref8 24. Qg4 Bxe4 25. Qxe6 Qc3 26. Kb1 Qe3 27. f5
Kh8 28. Bd3 d5 29. Bxe4 dxe4 30. Rd8 Qf3 31. R1d5 Qh1+ 32. Kb2 Qxh4 33. Qxf7
Rxd8 34. f6 Rg8 35. fxg7+ Rxg7 36. Qf5 e3 37. Qf8+ Kh7 38. Rd8 Qg5 39. Qh8+ Kg6
40. Rd6+ Kh5 41. Qe8+ Kh4 42. Re6 e2 43. Re4+ Kg3 44. Re3+ Kh4 45. Qe6 Qf4 46.
Re4 1-0

[Event "27th ECC Women 2023"]
[Site "Durres ALB"]
[Date "2023.10.03"]
[Round "3.6"]
[Board "3"]
[White "Djukic, Sandra"]
[Black "Hunt, Harriet V"]
[Result "1/2-1/2"]
[WhiteTitle "WIM"]
[BlackTitle "IM"]
[WhiteElo "2121"]
[BlackElo "2316"]
[WhiteTeam "GSK Kumanovo"]
[BlackTeam "Wood Green"]
[WhiteFideId "931390"]
[BlackFideId "403512"]
[EventDate "2023.10.01"]

1. Nf3 Nf6 2. b3 e6 3. Bb2 d5 4. e3 Be7 5. Be2 O-O 6. O-O b6 7. Ne5 Bb7 8. d4 c5
9. dxc5 bxc5 10. c4 Nc6 11. Nxc6 Bxc6 12. Nd2 Rc8 13. Nf3 Qb6 14. Qc2 Rfd8 15.
Rad1 h6 16. Ne5 Bb7 17. Bd3 d4 18. f4 Rc7 19. e4 Bd6 20. Qe2 Bxe5 21. fxe5 Nd7
22. Qh5 Nf8 23. Bc1 Ng6 24. Rf3 Rcd7 25. Rdf1 Qc7 26. Bf4 Ra8 27. Bg3 a5 28. a4
Bc6 29. h4 Rb8 30. Rb1 Rb7 31. Kh1 Qb8 32. Qg4 Nxe5 33. Qh5 f6 34. Bf4 Qd8 35.
Bxe5 fxe5 36. Rbf1 Rxb3 37. Qxe5 Qxh4+ 38. Rh3 Qe7 39. Rff3 Qd6 40. Qh5 Rdb7 41.
e5 Qe7 42. Bh7+ Kxh7 43. Rxb3 Rxb3 44. Rxb3 Bxa4 45. Rb6 Bc2 46. Qg4 Bf5 47. Qf4
d3 48. Kg1 Qd7 49. Rd6 Qa4 50. Kh2 Qc2 51. Rd7 Qe2 52. Qg3 Qh5+ 53. Kg1 Bg6 54.
Qf4 Bf5 55. Qg3 Qd1+ 56. Kh2 Qg4 57. Qxg4 Bxg4 58. Rxd3 a4 59. Rd6 Kg6 60. Kg3
Be2 61. Rxe6+ Kf5 62. Rc6 Bxc4 63. Rxc5 Be6 64. Ra5 Bb3 65. Kf3 h5 66. g3 g5 67.
e6+ Kxe6 68. Rxg5 a3 69. Ra5 a2 70. Kf4 Kf6 71. Ra6+ Be6 72. Ra5 Bb3 73. Ra6+
Be6 74. Ra7 Bb3 75. Ra6+ 1/2-1/2

[Event "27th ECC Women 2023"]
[Site "Durres ALB"]
[Date "2023.10.03"]
[Round "3.6"]
[Board "4"]
[White "Kalaiyalahan, Akshaya"]
[Black "Trajkovska, Sanja"]
[Result "1-0"]
[WhiteTitle "FM"]
[WhiteElo "2168"]
[BlackElo "1864"]
[WhiteTeam "Wood Green"]
[BlackTeam "GSK Kumanovo"]
[WhiteFideId "422894"]
[BlackFideId "15001822"]
[EventDate "2023.10.01"]

1. Nf3 f5 2. d3 Nc6 3. e4 e5 4. exf5 d5 5. Bg5 Be7 6. Qd2 Bxf5 7. Be2 Nf6 8. O-O
h6 9. Nh4 Bh7 10. Bxf6 Bxf6 11. Bh5+ g6 12. Nxg6 Bxg6 13. Bxg6+ Ke7 14. c3 Qg8
15. Bh5 Bg5 16. Qe2 Rf8 17. Na3 Kd8 18. b4 Qg7 19. Rae1 Bf6 20. Nc2 Rhg8 21. g3
Ne7 22. Kh1 Ng6 23. Ne3 Qd7 24. Bxg6 Rxg6 25. Qf3 c6 26. b5 Be7 27. Qg2 h5 28.
bxc6 bxc6 29. f3 Bc5 30. Nc2 Qg7 31. Rb1 Kc7 32. Nb4 Bb6 33. a4 h4 34. g4 h3 35.
Qe2 Kc8 36. c4 dxc4 37. dxc4 Rf4 38. c5 Bc7 39. Qa6+ Kd7 40. Qd3+ Kc8 41. Rfd1
Rd4 42. Qf5+ Kd8 43. Nc2 Rd5 44. Qe4 Qf7 45. Nb4 Rxd1+ 46. Rxd1+ Ke8 47. Nxc6
Kf8 48. Nd8 Qe8 49. Qf5+ Ke7 50. c6 Bd6 51. Nb7 Qxc6 52. Nxd6 Rxd6 53. Qxe5+ Kf7
54. Qf5+ Kg7 55. Qg5+ Kf7 56. Qh5+ Kg7 57. Rf1 Rh6 58. Qe5+ Kf7 59. Qe4 Qa6 60.
Re1 Rb6 61. Qh7+ Kf6 62. Qxh3 Qxa4 63. Qh6+ Kf7 64. Qh7+ Kf8 65. Qe7+ Kg8 66.
Qe8+ 1-0

[Event "27th ECC Women 2023"]
[Site "Durres ALB"]
[Date "2023.10.03"]
[Round "3.7"]
[Board "1"]
[White "Guichard, Pauline"]
[Black "Spalir, Monika"]
[Result "1/2-1/2"]
[WhiteTitle "IM"]
[BlackTitle "WFM"]
[WhiteElo "2358"]
[BlackElo "2120"]
[WhiteTeam "Asnieres - Le Grand Echiquier"]
[BlackTeam "Gostivar"]
[WhiteFideId "639370"]
[BlackFideId "14609118"]
[EventDate "2023.10.01"]

1. d4 d5 2. c4 c6 3. Nc3 Nf6 4. e3 e6 5. Nf3 Nbd7 6. Be2 Bd6 7. O-O O-O 8. b3 b6
9. Bb2 Bb7 10. Bd3 Qe7 11. Re1 c5 12. cxd5 exd5 13. Nb5 Bb8 14. Bf1 a6 15. Nc3
Bd6 16. a4 Rfd8 17. g3 Rac8 18. Bg2 Nf8 19. Rc1 Ne6 20. Re2 Bb8 21. Bh3 Ne4 22.
Rec2 g6 23. Ne2 c4 24. Nd2 N4g5 25. Bg2 Ng7 26. h4 N5e6 27. bxc4 dxc4 28. Rxc4
Rxc4 29. Rxc4 g5 30. hxg5 Nxg5 31. Qf1 Nf5 32. Bxb7 Qxb7 33. Qg2 Qe7 34. Nf1 Nd6
35. Rc6 Nde4 36. Nf4 Qb4 37. f3 Nd2 38. Nxd2 Qxb2 39. Nf1 Qb3 40. Nh3 Qxa4 41.
Rxb6 Ne6 42. d5 Bc7 43. Rb7 Rxd5 44. Nf4 Rb5 45. Ra7 Bb8 46. Rd7 Rb1 47. Qd2
Bxf4 48. exf4 Qb5 49. Qd3 Qxd3 50. Rxd3 Kg7 51. Kg2 a5 52. Ra3 Rb5 53. Ne3 Nc5
54. Nf5+ Kf6 55. Nd6 Rb2+ 56. Kh3 a4 57. Rc3 Ne6 58. Ra3 Rb4 59. Ne4+ Kg6 60.
Kg2 Nd4 61. Nc5 Rb2+ 62. Kf1 Rb1+ 63. Kg2 Rb2+ 64. Kf1 Rb1+ 65. Kf2 Rb2+ 66. Kf1
Rb1+ 67. Kg2 Ne2 68. Kh3 Rb2 1/2-1/2

[Event "27th ECC Women 2023"]
[Site "Durres ALB"]
[Date "2023.10.03"]
[Round "3.7"]
[Board "2"]
[White "Berke, Ana"]
[Black "Gaponenko, Inna"]
[Result "0-1"]
[WhiteTitle "WIM"]
[BlackTitle "IM"]
[WhiteElo "2147"]
[BlackElo "2332"]
[WhiteTeam "Gostivar"]
[BlackTeam "Asnieres - Le Grand Echiquier"]
[WhiteFideId "14510359"]
[BlackFideId "14101181"]
[EventDate "2023.10.01"]

1. e4 c5 2. Nf3 g6 3. c4 Bg7 4. d4 d6 5. h3 cxd4 6. Nxd4 Nc6 7. Be3 Qb6 8. Nb5
Qa5+ 9. N1c3 Nf6 10. Qd2 a6 11. Nd4 Nxd4 12. Qxd4 Be6 13. Be2 O-O 14. Qd2 Rfc8
15. Nd5 Qxd2+ 16. Bxd2 Bxd5 17. exd5 Ne4 18. Bc1 b5 19. cxb5 axb5 20. O-O b4 21.
a4 Nc5 22. Bd1 Ra7 23. a5 Rca8 24. Bd2 Bxb2 25. Rb1 Bc3 26. Bg5 Ne4 27. Be3 Rxa5
28. Bb3 Nd2 29. Bxd2 Bxd2 30. Rfd1 Bc3 31. h4 h5 32. g3 Kg7 33. Kg2 Kf6 34. Kf3
Ke5 35. Ke3 Ra1 36. f4+ Kf5 37. Kf3 Rxb1 38. Rxb1 Ra3 39. Bc2+ Kf6 40. Bb3 e5
41. Ke4 exf4 42. Kxf4 Be5+ 43. Kf3 Kf5 44. Ke3 Kg4 45. Ke4 Kxg3 46. Kd3 Kxh4 47.
Kc4 Ra1 0-1

[Event "27th ECC Women 2023"]
[Site "Durres ALB"]
[Date "2023.10.03"]
[Round "3.7"]
[Board "3"]
[White "Iglesias, Yosha"]
[Black "Drljevic, Ljilja"]
[Result "1/2-1/2"]
[WhiteTitle "FM"]
[BlackTitle "WIM"]
[WhiteElo "2259"]
[BlackElo "2081"]
[WhiteTeam "Asnieres - Le Grand Echiquier"]
[BlackTeam "Gostivar"]
[WhiteFideId "637823"]
[BlackFideId "928879"]
[EventDate "2023.10.01"]

1. d4 d6 2. Bf4 g6 3. e4 Bg7 4. Nc3 a6 5. Nf3 Nc6 6. h3 Nf6 7. e5 Nd7 8. Bc4
dxe5 9. dxe5 Ncxe5 10. Nxe5 Bxe5 11. Bxe5 Nxe5 12. Qxd8+ Kxd8 13. O-O-O+ Bd7 14.
Bb3 e6 15. Rd2 Kc8 16. f4 Nc6 17. Rhd1 Be8 18. Ne4 b6 19. Nf6 Kb7 20. Bc4 Na5
21. Bd3 Bb5 22. Be4+ Bc6 23. Rd7 Raf8 24. R1d3 Kc8 25. Bxc6 Nxc6 26. Rc3 Kb7 27.
Ne4 Kc8 28. Nf6 Kb7 29. Ne4 Kc8 30. Nf6 Kb7 1/2-1/2

[Event "27th ECC Women 2023"]
[Site "Durres ALB"]
[Date "2023.10.03"]
[Round "3.7"]
[Board "4"]
[White "Kejzar, Petra"]
[Black "Nicoara, Malina"]
[Result "1-0"]
[WhiteTitle "WFM"]
[BlackTitle "WIM"]
[WhiteElo "1986"]
[BlackElo "2064"]
[WhiteTeam "Gostivar"]
[BlackTeam "Asnieres - Le Grand Echiquier"]
[WhiteFideId "14610213"]
[BlackFideId "604631"]
[EventDate "2023.10.01"]

1. d4 Nf6 2. c4 c5 3. Nf3 g6 4. Nc3 cxd4 5. Nxd4 Bg7 6. e4 d6 7. Be2 Nc6 8. Be3
O-O 9. Rc1 Bd7 10. O-O Nxd4 11. Bxd4 Bc6 12. f3 a5 13. b3 Nd7 14. Re1 Nc5 15.
Bxg7 Kxg7 16. Qd4+ e5 17. Qe3 Ne6 18. Bf1 Qf6 19. Red1 Rfd8 20. Rd2 h6 21. Rcd1
Qe7 22. Bd3 Qc7 23. Bc2 Rab8 24. Bd3 Ra8 25. Bf1 Rab8 26. Rb2 Ra8 27. Rc1 Qe7
28. Rf2 h5 29. g3 Qg5 30. Qxg5 Nxg5 31. Rd1 Kf8 32. Bg2 Ke7 33. f4 Ne6 34. f5
Nd4 35. f6+ Kd7 36. Rfd2 Kc7 37. Kf2 b6 38. Ke3 Re8 39. h4 Rab8 40. Bh3 Rh8 41.
Rg1 Rbd8 42. Nd5+ Kb7 43. Ne7 Rde8 44. Rc1 Rd8 45. Rb2 Ra8 46. Bf1 Bd7 47. a3
Rhb8 48. Rc3 Be6 49. Bg2 Ra7 50. Rf2 Rba8 51. Nf5 gxf5 52. exf5+ Kc7 53. fxe6
fxe6 54. Bxa8 Rxa8 55. b4 axb4 56. axb4 Rf8 57. Ke4 Kd7 58. Ra3 Nf5 59. Ra7+ Kc6
60. Rxf5 1-0

[Event "27th ECC Women 2023"]
[Site "Durres ALB"]
[Date "2023.10.04"]
[Round "4.1"]
[Board "1"]
[White "Tsolakidou, Stavroula"]
[Black "Stefanova, Antoaneta"]
[Result "1/2-1/2"]
[WhiteTitle "IM"]
[BlackTitle "GM"]
[WhiteElo "2385"]
[BlackElo "2424"]
[WhiteTeam "MSK Centar Asseco See"]
[BlackTeam "Teuta"]
[WhiteFideId "4264312"]
[BlackFideId "2902257"]
[EventDate "2023.10.01"]

1. d4 d5 2. c4 e6 3. Nf3 Nf6 4. g3 Bb4+ 5. Nc3 O-O 6. Bg2 dxc4 7. O-O Nc6 8. a3
Be7 9. e4 Rb8 10. Be3 Ng4 11. Bf4 g5 12. Be3 f5 13. exf5 Rxf5 14. Nd2 Nxe3 15.
fxe3 Rxf1+ 16. Qxf1 Nxd4 17. exd4 Qxd4+ 18. Kh1 Qxd2 19. Rd1 Qxb2 20. Qf3 b5 21.
Qc6 Qxc3 22. Qxc7 Qc2 23. Rf1 Qg6 24. Qxe7 Ba6 25. Qd6 Re8 26. Qxa6 Rf8 27.
Rxf8+ Kxf8 28. Qxb5 Qd3 29. Qb8+ Kf7 30. Qxa7+ Kg6 31. Qf2 c3 32. Qf1 Qe3 33.
Qb1+ Kf6 34. h3 Qxg3 35. a4 Qf2 36. Be4 Ke5 37. a5 Qe2 38. Bc2 1/2-1/2

[Event "27th ECC Women 2023"]
[Site "Durres ALB"]
[Date "2023.10.04"]
[Round "4.1"]
[Board "2"]
[White "Socko, Monika"]
[Black "Narva, Mai"]
[Result "0-1"]
[WhiteTitle "GM"]
[BlackTitle "IM"]
[WhiteElo "2380"]
[BlackElo "2399"]
[WhiteTeam "Teuta"]
[BlackTeam "MSK Centar Asseco See"]
[WhiteFideId "1106619"]
[BlackFideId "4500512"]
[EventDate "2023.10.01"]

1. e4 c5 2. Nf3 e6 3. b3 Nc6 4. Bb2 d5 5. Bb5 Nf6 6. exd5 Qxd5 7. O-O Bd7 8. Nc3
Qd6 9. Re1 Be7 10. Ne4 Nxe4 11. Rxe4 Bf6 12. Bxf6 gxf6 13. d4 O-O-O 14. dxc5
Qxc5 15. Qe2 Kb8 16. Rd1 e5 17. a4 Be6 18. Bxc6 Qxc6 19. Rh4 Bf5 20. Rc4 Qa6 21.
Qe1 Rhg8 22. Rxd8+ Rxd8 23. h3 Qd6 24. Qe3 Rg8 25. Kh1 Qd5 26. Kh2 Qd6 27. Nh4
Be6 28. Rc3 f5 29. Qh6 e4+ 30. g3 Qe5 31. Re3 Rd8 32. Re2 Rd1 33. Qf8+ Bc8 34.
Qxf7 Qa1 35. g4 Rh1+ 36. Kg3 Qe5+ 37. f4 Qc3+ 38. Kf2 Qd4+ 39. Kg3 Qc3+ 40. Kf2
Rh2+ 41. Ng2 Qxh3 42. Ke1 Rxg2 43. Rxg2 Qxg2 0-1

[Event "27th ECC Women 2023"]
[Site "Durres ALB"]
[Date "2023.10.04"]
[Round "4.1"]
[Board "3"]
[White "Radeva, Viktoria"]
[Black "Cyfka, Karina"]
[Result "1-0"]
[WhiteTitle "WGM"]
[BlackTitle "IM"]
[WhiteElo "2293"]
[BlackElo "2350"]
[WhiteTeam "MSK Centar Asseco See"]
[BlackTeam "Teuta"]
[WhiteFideId "2915405"]
[BlackFideId "1122681"]
[EventDate "2023.10.01"]

1. e4 e5 2. Bc4 Nc6 3. Nf3 Nf6 4. d3 h6 5. O-O d6 6. c3 g5 7. a4 Bg7 8. a5 a6 9.
Nbd2 O-O 10. h3 Ne7 11. Re1 Ng6 12. Nf1 c6 13. Bb3 d5 14. Ng3 g4 15. hxg4 Bxg4
16. Nf5 Kh7 17. Nxg7 Kxg7 18. exd5 Rh8 19. dxc6 bxc6 20. Ra4 Qd7 21. Qe2 Qf5 22.
Qe3 Bxf3 23. Qxf3 Qxf3 24. gxf3 Rhd8 25. Bc4 Nd5 26. Be3 Rab8 27. Re2 Ra8 28. d4
Nh4 29. dxe5 Nxf3+ 30. Kg2 Nxe5 31. Bxh6+ Kxh6 32. Rxe5 f6 33. Re4 Kg5 34. Kf3
Rab8 35. Ra2 Nc7 36. b4 Nb5 37. Ra1 Nxc3 38. Rg1+ 1-0

[Event "27th ECC Women 2023"]
[Site "Durres ALB"]
[Date "2023.10.04"]
[Round "4.1"]
[Board "4"]
[White "Caku, Kler"]
[Black "Gajcin, Marina"]
[Result "1-0"]
[BlackTitle "WGM"]
[WhiteElo "1697"]
[BlackElo "2225"]
[WhiteTeam "Teuta"]
[BlackTeam "MSK Centar Asseco See"]
[WhiteFideId "4704703"]
[BlackFideId "949086"]
[EventDate "2023.10.01"]

1. e4 c5 2. Nf3 Nc6 3. Bb5 Nf6 4. Bxc6 dxc6 5. d3 g6 6. Be3 b6 7. h3 Bg7 8. Nc3
Nd7 9. Qd2 h6 10. O-O e5 11. Nh2 Nf8 12. Kh1 Ne6 13. Rae1 Ba6 14. b3 Qc7 15. Ne2
O-O-O 16. f4 f6 17. f5 gxf5 18. Rxf5 Kb8 19. Ng3 Bc8 20. Rf2 h5 21. Nf5 Nd4 22.
Bxd4 cxd4 23. Ref1 Bxf5 24. Rxf5 Qe7 25. Qe2 Qa3 26. Rxh5 Rxh5 27. Qxh5 Qxa2 28.
Qf7 Bh8 29. Qc4 Qa3 30. Ng4 Qd6 31. Nh6 Qd7 32. Nf5 Rc8 33. Rf3 Bg7 34. Qa4 Bf8
35. Rg3 a5 36. h4 Qh7 37. Qc4 Qd7 38. Qa6 Qc7 39. Rg6 b5 40. h5 Qh7 41. Qb6+ Ka8
42. Qxa5+ Kb7 43. Rg7+ Qxg7 44. Nxg7 Bxg7 45. Qb4 Bf8 46. Qd2 Bg7 47. Qf2 Ra8
48. Qf5 Kb6 49. Qg6 Bh8 50. h6 Kc7 51. Qf7+ Kd6 52. h7 Rd8 53. b4 Rc8 54. Kh2
Rd8 55. Kh3 Rc8 56. Kg4 Rb8 57. Kf5 Rd8 58. g4 Rc8 59. Qe6+ Kc7 60. Kg6 Rd8 61.
Qe7+ Rd7 62. Qxd7+ Kxd7 63. Kf7 f5 64. gxf5 Kd6 65. f6 Kd7 66. Kg8 Bxf6 67. h8=Q
Bxh8 68. Kxh8 Kd6 69. Kg7 c5 70. Kf6 cxb4 71. Kf5 Kc6 72. Ke6 Kb6 73. Kd6 Ka5
74. Kxe5 Ka4 75. Kxd4 Ka3 76. Kc5 b3 77. cxb3 b4 78. Kc4 1-0